A PRACTICAL BOOK OF PHARMACOGNOSY AND PHY TO CHEMISTRY (Record no. 5921)

MARC details
000 -LEADER
fixed length control field 00436nam a22001577a 4500
005 - DATE AND TIME OF LATEST TRANSACTION
control field 20240109131904.0
008 - FIXED-LENGTH DATA ELEMENTS--GENERAL INFORMATION
fixed length control field 190603b xxu||||| |||| 00| 0 eng d
020 ## - INTERNATIONAL STANDARD BOOK NUMBER
ISBN 978-93-88293-56-3
041 ## - LANGUAGE CODE
Language code of text/sound track or separate title eng
100 ## - MAIN ENTRY--AUTHOR NAME
Personal name TIWARI, DR. VARSHA AND AHMAD, DR, SHAMIM
245 ## - TITLE STATEMENT
Title A PRACTICAL BOOK OF PHARMACOGNOSY AND PHY TO CHEMISTRY
250 ## - EDITION STATEMENT
Edition statement 1st, Ed, 2018
260 ## - PUBLICATION, DISTRIBUTION, ETC. (IMPRINT)
Place of publication PUNE
Name of publisher NIRALI PRAKASHAN
300 ## - PHYSICAL DESCRIPTION
Number of Pages A-2 p,
942 ## - ADDED ENTRY ELEMENTS (KOHA)
Koha item type Books
Holdings
Lost status Damaged status Collection code Home library Current library Shelving location Date acquired Source of acquisition Cost, normal purchase price Accession Number Koha item type Full call number
    Reference JRU Library JRU Library SHELF-4-B 03/06/2019 PURCHESS 90.00 22911 Books  
    PHARMACY JRU Library JRU Library Shelf - 27- B 03/06/2019 PURCHESS 90.00 22912 Books 615.32
    PHARMACY JRU Library JRU Library Shelf - 27- B 03/06/2019 PURCHESS 90.00 22913 Books 615.32